000 00520nam a2200193Ia 4500
005 20250326142620.0
008 250326s9999 xx 000 0 und d
037 _aTextbook
040 _aFMSL
_beng
_cFMSL
041 _aeng
_2eng
084 _aX:8F N3
_qFMSL
100 _aHorngren CT
_9738324
245 0 _aIntroduction to ficial Accounting
_cHorngren CT And Others
250 _a5
260 _aUSA
_bUSA, Prentice Hall
_c1993
300 _a830p
942 _cTB
_hX:8F N3
999 _c1295844
_d1295844